CSI : kriminálka v akci, detektivní hádanky : záhada mrtvého šachisty a další případy /

Hlavní autor: Jessup, Joel
Další autoři: Šverčičová, Lenka
Jazyk: Čeština
Vydáno: Praha : Euromedia Group, 2022
Vydání: Vydání první
Edice: Universum (Euromedia Group)
Témata:
Fyzický popis: 224 stran : ilustrace (převážně barevné), portréty ; 25 cm
Language note: Český text
Knihy
Uloženo v:
LEADER 01931nam a2200517 i 4500
001 nkc20223416829
003 CZ PrNK
005 20231116183237.0
007 ta
008 220414s2022 xr ac g 000 0 cze
015 |a cnb003416829 
020 |a 978-80-242-8183-4  |q (vázáno) :  |c Kč 399,00 
035 |a (OCoLC)1347065473 
040 |a BOA001  |b cze  |e rda 
041 1 |a cze  |h eng 
072 7 |a 793  |x Společenská zábava  |2 Konspekt  |9 20 
080 |a 793.7-021.432  |2 MRF 
080 |a 343.3/.7  |2 MRF 
080 |a (0.05)793.7  |2 MRF 
100 1 |a Jessup, Joel  |7 osa20231192218  |4 aut 
240 1 0 |a Crime scene investigation.  |l Česky 
245 1 0 |a CSI :  |b kriminálka v akci, detektivní hádanky : záhada mrtvého šachisty a další případy /  |c Joel Jessup ; z anglického originálu Crime scene investigation ... přeložila Lenka Šverčičová 
246 3 0 |a Kriminálka v akci, detektivní hádanky 
246 3 0 |a Záhada mrtvého šachisty a další případy 
250 |a Vydání první 
264 1 |a Praha :  |b Euromedia Group,  |c 2022 
300 |a 224 stran :  |b ilustrace (převážně barevné), portréty ;  |c 25 cm 
336 |a text  |b txt  |2 rdacontent 
336 |a statický obraz  |b sti  |2 rdacontent 
337 |a bez média  |b n  |2 rdamedia 
338 |a svazek  |b nc  |2 rdacarrier 
490 1 |a Universum 
546 |a Český text 
650 0 7 |a logické hádanky  |7 ph137277  |2 czenas 
650 0 7 |a kriminální případy  |7 ph121958  |2 czenas 
650 0 9 |a logic puzzles  |2 eczenas 
650 0 9 |a criminal cases  |2 eczenas 
655 7 |a čtenářské hry  |7 fd133978  |2 czenas 
655 9 |a literary recreations  |2 eczenas 
700 1 |a Šverčičová, Lenka  |7 xx0119852  |4 trl 
830 0 |a Universum (Euromedia Group)  |0 s 
910 2 |a BOA001  |b 2-1492.486 
990 |a BK 
995 |a 01 
991 |b 202209  |c NOV 
996 6 |b 2610913033  |c 2-1492.486  |l MZK  |r Sklad / do 1 hodiny  |n 0  |p p.v.  |w 001897805  |u 000010  |a 1  |e BOA001  |j MZK50  |s P